LEADER 00888nam0-22003011i-450- 001 990004084950403321 005 20050805102331.0 035 $a000408495 035 $aFED01000408495 035 $a(Aleph)000408495FED01 035 $a000408495 100 $a19990604d1965----km-y0itay50------ba 101 0 $aita 105 $ay-------001yy 200 1 $a<>rivolta dei boxers$fPeter Fliming$gtraduzione dall'inglese di Giovanna Young e Carlo Jovine 210 $aVarese$cDall'Oglio$d1965 215 $a380 p.$d22 cm 225 1 $aCultura contemporanea$v8 454 0$12001$a<> siege at peking$918134 676 $a951.035$v21$zita 700 1$aFleming,$bPeter$0158040 801 0$aIT$bUNINA$gRICA$2UNIMARC 901 $aBK 912 $a990004084950403321 952 $a951.035 FLE 1$bDDS.2772$fFLFBC 959 $aFLFBC 996 $aSiege at peking$918134 997 $aUNINA LEADER 01220nam2-2200361---450 001 990001402590203316 005 20240527151550.0 010 $a88-14-10291-0 035 $a000140259 035 $aUSA01000140259 035 $a(ALEPH)000140259USA01 035 $a000140259 100 $a20040209d2003----km-y0enga50------ba 101 $aita 102 $aIT 200 1 $a<> : Stati europei$eA-L$eschede di diritto comparato e straniero, legalizzazione, convenzioni internazionali, schede in tema di reciprocità$fGaetano Petrelli 210 $aMilano$cGiuffrè$d2003 215 $aXXV, 1004 p. 461 1$1001990001402610203316$12001 606 $aNotariato$xLegislazione$xFormulari 676 $a347.45016 700 1$aPETRELLI,$bGaetano$0235082 912 $a990001402590203316 951 $aXXV.1.C. 163 3.2 (IG I 1765.3/2)$b39010 G.$cXXV.1.C. 163 3.2 (IG I)$d00090912 959 $aBK 969 $aGIU 979 $aMARIA$b10$c20040209$lUSA01$h1018 979 $aPATRY$b90$c20040406$lUSA01$h1739 979 $aVITALE$b90$c20040903$lUSA01$h1622 979 $aVITALE$b90$c20040903$lUSA01$h1623 979 $aRSIAV2$b90$c20101108$lUSA01$h0929 996 $aStati europei$9930616 997 $aUNISA